000 00550cam a2200181 4500500
005 20260329001358.0
041 _afre
042 _adc
100 1 0 _aPradeau, Jean-François
_eauthor
245 0 0 _aLa Culture du narcissisme
260 _c2006.
500 _a15
690 _aChristopher Lasch
690 _aNarcissisme
690 _aSoi
786 0 _nPhilosophie magazine | 4 | 10-11 | 2006-11-01 | p. 48-48 | 1951-1787
856 4 1 _uhttps://shs.cairn.info/magazine-philosophie-magazine-2006-10-11-page-48?lang=fr&redirect-ssocas=7080
999 _c1804820
_d1804820